Normal view
MARC view
Entry Personal Name
001 - CONTROL NUMBER
- control field: 4206
003 - CONTROL NUMBER IDENTIFIER
- control field: PK-LaUMT
005 - DATE AND TIME OF LATEST TRANSACTION
- control field: 20250114094506.0
008 - FIXED-LENGTH DATA ELEMENTS
- fixed length control field: 250114|| aca||aabn | a|a d
040 ## - CATALOGING SOURCE
- Original cataloging agency: PK-LaUMT
- Transcribing agency: PK-LaUMT
100 ## - HEADING--PERSONAL NAME
- Personal name: Cornel G. B. Molison = کرنل جی بی مالیسن
670 ## - SOURCE DATA FOUND
- Source citation: Work cat.: (PK-LaUMT)136663: Cornel G. B. Molison = کرنل جی بی مالیسن, Hind ke angraiz hukmaran Lord Dalhozi 1848-1856 = ہند کے انگریز حکمران لارڈ ڈلہوزی 1848 تا 1856 /, 2005
